Резание материалов и режущий инструмент: учебное пособие
| Egile nagusia: | |
|---|---|
| Erakunde egilea: | |
| Gaia: | Заглавие с титульного экрана Электронная версия печатной публикации The subject of this book is the machining processes. The general information about the cutting of materials, chip formation, complex cutting patterns, heat, strength, wear resistance, tool life, machinability of materials and features of the process of cutting with multiple point cutting tools and grinding tools is given in the first part. Questions of calculation and optimization of design and geometrical parameters of the common types of cutting tools, with respect to the cutting conditions, properties of cutting tool and workpiece materials, as well as the requirements for dimensional accuracy and surface finish, are examined in the second part of the book. The book is recommended for English-speaking students following the Bachelor Degree Program in Mechanical Engineering at Tomsk Polytechnic University. AM_TPU_network |
| Hizkuntza: | errusiera |
| Argitaratua: |
Томск, Изд-во ТПУ, 2014
|
| Gaiak: | |
| Sarrera elektronikoa: | http://www.lib.tpu.ru/fulltext2/m/2014/m261.pdf |
| Formatua: | MixedMaterials Baliabide elektronikoa Liburua |
| KOHA link: | https://koha.lib.tpu.ru/cgi-bin/koha/opac-detail.pl?biblionumber=267618 |
MARC
| LEADER | 00000nam0a2200000 4500 | ||
|---|---|---|---|
| 001 | 267618 | ||
| 005 | 20260421153812.0 | ||
| 035 | |a (RuTPU)RU\TPU\book\290675 | ||
| 090 | |a 267618 | ||
| 100 | |a 20140731d2014 m y0rusy50 ca | ||
| 101 | 0 | |a rus | |
| 102 | |a RU | ||
| 105 | |a a j 001zy | ||
| 135 | |a drcn ---uucaa | ||
| 181 | 0 | |a i |b e | |
| 182 | 0 | |a b | |
| 183 | |a cr |2 RDAcarrier | ||
| 200 | 1 | |a Резание материалов и режущий инструмент |d Material cutting and cutting tools |e учебное пособие |f С. В. Кирсанов |g Национальный исследовательский Томский политехнический университет (ТПУ) | |
| 203 | |a Текст |c электронный |b визуальный | ||
| 210 | |a Томск |c Изд-во ТПУ |d 2014 | ||
| 283 | |a online_resource |2 RDAcarrier | ||
| 300 | |a Заглавие с титульного экрана | ||
| 300 | |a Электронная версия печатной публикации | ||
| 330 | |a The subject of this book is the machining processes. The general information about the cutting of materials, chip formation, complex cutting patterns, heat, strength, wear resistance, tool life, machinability of materials and features of the process of cutting with multiple point cutting tools and grinding tools is given in the first part. Questions of calculation and optimization of design and geometrical parameters of the common types of cutting tools, with respect to the cutting conditions, properties of cutting tool and workpiece materials, as well as the requirements for dimensional accuracy and surface finish, are examined in the second part of the book. The book is recommended for English-speaking students following the Bachelor Degree Program in Mechanical Engineering at Tomsk Polytechnic University. | ||
| 371 | 0 | |a AM_TPU_network | |
| 452 | 1 | |0 (RuTPU)RU\TPU\book\283488 |t Резание материалов и режущий инструмент |l Material cutting and cutting tools |o учебное пособие |f С. В. Кирсанов |g Национальный исследовательский Томский политехнический университет (ТПУ) |c Томск |n Изд-во ТПУ |d 2014 |p 195 с. |a Кирсанов, Сергей Васильевич | |
| 510 | 1 | |a Material cutting and cutting tools |z eng | |
| 606 | 1 | |a Резание материалов |2 stltpush |3 (RuTPU)RU\TPU\subj\24497 |9 48835 | |
| 610 | 1 | |a электронный ресурс | |
| 610 | 1 | |a учебные пособия | |
| 610 | 1 | |a труды учёных ТПУ | |
| 610 | 1 | |a материалы | |
| 610 | 1 | |a металлы | |
| 610 | 1 | |a металлообработка | |
| 610 | 1 | |a режущие инструменты | |
| 610 | 1 | |a отверстия | |
| 610 | 1 | |a металлорежущие инструменты | |
| 610 | 1 | |a английский язык | |
| 675 | |a 621.91(075.8) |v 3 | ||
| 700 | 1 | |a Кирсанов |b С. В. |c специалист в области машиностроения |c профессор Томского политехнического университета, доктор технических наук |f 1949- |g Сергей Васильевич |3 (RuTPU)RU\TPU\pers\27879 |9 12895 | |
| 712 | 0 | 2 | |a Национальный исследовательский Томский политехнический университет (ТПУ) |b Институт кибернетики (ИК) |b Кафедра технологии автоматизированного машиностроительного производства (ТАМП) |3 (RuTPU)RU\TPU\col\18705 |
| 801 | 1 | |a RU |b 63413507 |c 20140731 | |
| 801 | 2 | |a RU |b 63413507 |c 20160617 |g RCR | |
| 856 | 4 | 0 | |u http://www.lib.tpu.ru/fulltext2/m/2014/m261.pdf |z http://www.lib.tpu.ru/fulltext2/m/2014/m261.pdf |
| 942 | |c CF | ||